مكتبة جامعة عجلون الوطنية

فهرس بحث المكتبة

Normal view MARC view
  • الزركشي، بدر الدين محمد بن بهادر ، تحقيق عبد القادر عبد الله العاني ، مراجعة عبد الستار أبو غدة

Entry Personal Name

Number of records used in: 1

001 - CONTROL NUMBER

  • control field: 43739

003 - CONTROL NUMBER IDENTIFIER

  • control field: JO-AjAnu

005 - DATE AND TIME OF LATEST TRANSACTION

  • control field: 20230606081239.0

008 - FIXED-LENGTH DATA ELEMENTS

  • fixed length control field: 230606|| aca||aabn | a|a d

040 ## - CATALOGING SOURCE

  • Original cataloging agency: JO-AjAnu
  • Transcribing agency: JO-AjAnu

100 ## - HEADING--PERSONAL NAME

  • Personal name: الزركشي، بدر الدين محمد بن بهادر ، تحقيق عبد القادر عبد الله العاني ، مراجعة عبد الستار أبو غدة

670 ## - SOURCE DATA FOUND

  • Source citation: Work cat.: (JO-AjAnu)22393: الزركشي، بدر الدين محمد بن بهادر ، تحقيق عبد القادر عبد الله العاني ، مراجعة عبد الستار أبو غدة, author, خبايا الزوايا